| 000 | 00598nam a2200229Ia 4500 | ||
|---|---|---|---|
| 999 |
_c487 _d487 |
||
| 001 | 11983667 | ||
| 003 | OSt | ||
| 005 | 20180818110027.0 | ||
| 008 | 850430s1972 txu 000 0 eng d | ||
| 040 |
_aWBS _cWBS _dBSC |
||
| 082 |
_a231.7 _bT433P |
||
| 092 |
_a231.74 _bT377p |
||
| 100 | 1 | _aThieme, R. B. | |
| 245 | 1 | 4 |
_aThe plan of God / _cR. B. Thieme, Jr. |
| 260 |
_aHouston, TX : _bBerachah Tapes and Publications, _cc1972. |
||
| 300 |
_a27 p. ; _c19 cm. |
||
| 490 | 0 |
_aBasic series ; _vBook one. |
|
| 650 | 0 | _aChristian life. | |
| 650 | 0 |
_aGod _xWill. |
|
| 650 | 0 | _aSalvation. | |
| 942 |
_2ddc _cBK |
||